Statistics for September 30th: Birthdays

Click here to take the quiz!

General Stats

  • This quiz has been taken 2 times
  • The average score is 2 of 8

Answer Stats

YearClueAnswer% Correct
1924Wrote In Cold BloodTruman Capote
100%
1917He was in the The Big Band MachineBuddy Rich
50%
1980Won 5 Grand Slam singles titlesMartina Hingis
50%
1863Commander of the High Seas Fleet in WWI
Reinhard Scheer
0%
1928Nobel Prize winner in 1986Elie Wiesel
0%
1732Finance minister of Louis XVIJacques Necker
0%
2002Dancer on Dance MomsMaddie Ziegler
0%
1975Actress in InceptionMarion Cotillard
0%

Score Distribution

Percentile by Number Answered

Percent of People with Each Score

Your Score History

You have not taken this quiz